Logo BPK

Biblioteka

Politechniki Koszalińskiej

Exercises francais Troisieme annee : (Rekord nr 50739)

Szczegóły MARC
000 -ETYKIETA REKORDU
podpole kontrolne o stałej długości 00760nam a2200181 i 4500
001 - NUMER KONTROLNY REKORDU
pole kontrolne bgj
040 ## - ŹRÓDŁO KATALOGOWANIA
Instytucja, która utworzyła rekord BPK
041 0# - KOD JĘZYKA
Kod języka tekstu fre
008 - POLE O STAŁEJ DŁUGOŚCI - DANE KONTROLNE
podpole kontrolne o stałej długości s1901 fr f |000 0 fre
100 1# - NAZWA OSOBOWA
Nazwa osobowa Larive
Daty związane z nazwą (185.-19..).
245 10 - TYTUŁ/ODPOWIEDZIALNOŚĆ
Tytuł Exercises francais Troisieme annee :
Ciąg dalszy tytułu revison et complementes de grammaire, formation et derivation des mots, expresions latines, locutions historiques, formation de la langue francaise, notions de mythologie, logique, morceaux choisis avec questions d'examen, sujets de redaction, lexique /
Pozostałe elementy strefy tytułu i oznaczenia odpowiedzialności Larive et Fleury.
260 ## - STREFA ADRESU WYDAWNICZEGO
Miejsce wydania Paris :
Nazwa wydawcy/dystrybutora Librairie Armand Colin,
Data publikacji, dystrybucji/powstania dokumentu 1901.
300 ## - STREFA OPISU FIZYCZNEGO
Objętość 711 S. ;
Rozmiary 19 cm.
650 #9 - HASŁO PRZEDMIOTOWE W FORMIE NAZWY OGÓLNEJ LUB JEDNOSTKOWEJ
Nazwa ogólna lub geograficzna French Language
Określnik ogólny Grammar
650 #9 - HASŁO PRZEDMIOTOWE W FORMIE NAZWY OGÓLNEJ LUB JEDNOSTKOWEJ
Nazwa ogólna lub geograficzna French Language
Określnik ogólny Composition and exercises
700 1# - HASŁO DODATKOWE - NAZWA OSOBOWA
Nazwa osobowa Fleury.
942 ## - DODATKOWE ELEMENTY (KOHA)
Typ dokumentu Książka
Egzemplarze
Wycofany Status egzemplarza Uszkodzony Dostępność Lokalizacja stała Lokalizacja bieżąca Miejsce przechowywania Sygnatura Kod kreskowy Typ dokumentu
      Dostępny Biblioteka Politechniki Koszalińskiej Biblioteka Politechniki Koszalińskiej Wypożyczalnia Językowa N 901 01581065 Książka
© 2023 Biblioteka Politechniki Koszalińskiej :: KOHA